| 000 | 00787nam a2200205 a 4500 | ||
|---|---|---|---|
| 003 | 0 | ||
| 005 | 20250318072052.0 | ||
| 008 | 080915s19uu xx 00 eng d | ||
| 050 |
_aPHS QK 569.E83 _b.Ma41 2008 |
||
| 100 | _aMatibag, Viktoria Ines P. | ||
| 245 |
_aThe Effect of Guso (Eucheuma denticulatum) extract on the growth of S. aureus and E. coli / _cViktoria Ines P. Matibag. |
||
| 260 |
_aLas PiƱas City, Philippines : _bSouthville International School and Colleges, _c2008. |
||
| 300 |
_a36 pages : _billustrations ; _c28 cm. |
||
| 504 | _aIncludes bibliographical references. | ||
| 650 |
_aEucheuma _xExtracts _vTherapeutic use. |
||
| 650 |
_aStaphylococcus aureus _xGrowth. |
||
| 650 |
_aEscherichia coli _xGrowth. |
||
| 650 |
_aSeaweed _xTherapeutic use. |
||
| 942 |
_2lcc _cPASS |
||
| 999 |
_c98069 _d98069 |
||